Organisation Industrielle - Les Bases - Statistiques

Statistiques générales
  • Ce quiz a été pris 7 fois
  • Le résultat moyen est 12 sur 30
Statistiques - réponses
Indice Réponse % Correct
Dans le cas du SWOT de Coca-Cola, à quelle lettre correspond l'affirmation suivante: "Sensibilisation accrue sur le danger de l’alcool" O
100%
Dans le cas du SWOT de Coca-Cola, à quelle lettre correspond l'affirmation suivante: "Leader sur le marché des boissons soft" S
100%
Dans le cas du SWOT de Coca-Cola, à quelle lettre correspond l'affirmation suivante: "Changement du comportement des consommateurs" T
100%
Que signifie le T de SWOT Threats
100%
Dans le cas du SWOT de Coca-Cola, à quelle lettre correspond l'affirmation suivante: "Concentration sur l’offre des boissons soft" W
100%
Que signifie le O de SWOT Opportunities
83%
Que signifie le S de SWOT Strenghts
83%
Que signifie le W de SWOT Weaknesses
83%
Vrai ou Faux ? "Le diagramme de Gantt ne peut pas nous aider à réduire la durée d'un projet, mais seulement à la regarder" Faux
67%
Vrai ou Faux ? "Le tableau des antécédents nous liste les tâches, leurs antécédents et leurs durées." Vrai
67%
Vrai ou Faux ? "Dans le cas du jalonnement au plus tôt: On ne dispose pas de margeen aval du projet" Faux
50%
Dans le réseau Pert, la bulle correspond à une tâche, Vrai ou Faux ? Faux
50%
A quel type de diagramme l'affirmation suivante correspond: "Outil graphique qui permet de représenter l’évolution du projet, la durée des tâches et leurs marges ainsi que les ressources allouées au projet" Gantt
50%
A quel type de diagramme l'affirmation suivante correspond: "Outil de planification et de gestion de projet. Sa forme graphique représente un programme (ici synonyme de projet) illustrant des nœuds et des flèches qui se relient" Pert
50%
Vrai ou Faux ? "Dans le cas du jalonnement au plus tard: On n’a aucune marge avale qui permet de pallier aux imprévus." Vrai
50%
Vrai ou Faux ? Un PERT ne comporte qu'une seule étape de début et qu'une seuleétape de fin (sommets). Vrai
50%
Nommer les 4 types de tâches du réseau Pert (une des 4 est à donner) convergentes
0%
Dans le cas d'un réseau Pert, il y a trois données dans les bulles, que sont elles (une des 3 est à donner) Date au plus tard
0%
Dans le cas d'un réseau Pert, il y a trois données dans les bulles, que sont elles (une des 3 est à donner) Date au plus tot
0%
Nommer les 4 types de tâches du réseau Pert (une des 4 est à donner) fictives
0%
Gantt ou Pert ? "Adapté à un nombre restreint de tâches" Gantt
0%
Gantt ou Pert ? "Sa présentation est plus simple à comprendre (marges possibles)" Gantt
0%
[réponse] est la marge de chaque tâche qui ne retarde pas le début de latâche suivante. [réponse] est une partie de [réponse précédente]. La marge libre
0%
[réponse] est la marge pour chaque tâche qui ne retarde pas la date de findu projet, mais elle peut retarder le début d’une tâche suivante. C’est celle dont on a parlé pour l’instant. La marge totale
0%
[réponse] est l’ensemble des tâches qui ne disposent d’aucune marge.Un retard pris sur l’une de ces tâches retardera la fin du projet. Le chemin critique
0%
Dans le cas d'un réseau Pert, il y a trois données dans les bulles, que sont elles (une des 3 est à donner) Numero d'etape
0%
Gantt ou Pert ? "Adapté à un nombre élevé de tâches (réseaux et sous-réseaux)" Pert
0%
Gantt ou Pert ? "Montre clairement les relations d’antériorité" Pert
0%
Nommer les 4 types de tâches du réseau Pert (une des 4 est à donner) simultanées
0%
Nommer les 4 types de tâches du réseau Pert (une des 4 est à donner) successives
0%
Aucun quiz correspondant
Distribution des résultats
% des personnes avec chaque résultat
Percentile par nombre de réponses
Votre historique - résultats
Vous n’avez pas pris ce quiz